00237nam a2200097Ia 4500082001300000245003100013100002800044942000700072008004100079999001900120 aEJF PUNT 0aStories of haunted houses  a PUNTER, Russell 9151 cBK210825s9999 xx 000 0 und d c544855d544854